000 00382nam a2200169Ia 4500
001 25056
003 IN-NITTTR
005 20251114233319.0
008 251113s9999||||xx |||||||||||||| ||eng||
040 _beng
040 _cIN-NITTTR
041 _aeng
082 _a891.433 R29J
100 _aRenu, Phanishwarnath
245 0 _aJuloos. /
_cRenu, Phanishwarnath
942 _2ddc
_cBK
999 _c27685
_d27685